Physics: Sub-Atomic Particle Classification - Statistics

General Stats
  • This quiz has been taken 53 times
  • The average score is 4 of 9
Answer Stats
Definition: a sub-atomic particle that... Term: is... % Correct
is composed of quarks bound via the strong force a hadron
76%
is composed of an odd number of quarks a baryon
67%
has integral spin a boson
63%
is composed of quark-antiquark pairs a meson
59%
does not have integral spin a fermion
57%
does not interact via the strong force and has spin 1/2 a lepton
46%
interacts via the strong force, has spin 1/2, and is not known to be composite a quark
35%
interacts via gravity a particle (mass-energy, includes any and all the above)
22%
interacts via electromagnetism charged (electrically)
20%
No matching quizzes found
Score Distribution
Percent of People with Each Score
Percentile by Number Answered
Your Score History
You have not taken this quiz